| 000 | 00899nam a2200241 a 4500 | ||
|---|---|---|---|
| 001 | 86160 | ||
| 003 | BD-RjUL | ||
| 005 | 20260201110349.0 | ||
| 008 | 260201s1961 pk a 000 0deng | ||
| 035 | _a(BD-RjUL)86160 | ||
| 040 |
_aDLC _cDLC _beng _dBD-RjUL |
||
| 041 | 1 |
_heng _aeng |
|
| 082 |
_223 _a891.43985 _bBEP 1961 |
||
| 100 | 1 |
_aBeg, Abdulla Anwar. _9188348 |
|
| 245 | 1 | 4 |
_aThe poet of the East : _bthe life and work of Dr. Sheikh Sir Muahmmad Iqbal, the poet-philosopher, with a critical survey of his philosophy, poetical works and teachings / _cby Abdulla Anwar Beg ; with a foreword by R.A. Nicholson. |
| 250 | _a2nd ed. | ||
| 260 |
_aLahore : _bQaumi Kutub Khana, _c1939. |
||
| 300 |
_axix, 423 p. : _bill. ; _c22 cm. |
||
| 500 | _aIncludes index | ||
| 600 | 1 | 0 |
_aIqbal, Muhammad, _d1877-1938 _xCriticism and interpretation. _917672 |
| 700 |
_aNicholson, R. A. _917673 |
||
| 942 |
_2ddc _cBK |
||
| 999 |
_c86160 _d86160 |
||